000 00373pam a2200157a 44500
008 230405s2006 xxu||||| |||| 00| 0 eng d
041 _aENG
100 _aGULATI R.R
245 _aCOLOUR TELEVISION
_b04/09/2007
250 _a2006
260 _aNEW DELHI
_bNEW AGE INTERNATIONAL PUB
_c2006
300 _aP.B,XI,557
650 _aE&TC
690 _aE&TC
906 _a4195
999 _c818390
_d818390